000 00358nam a2200157 i 4500
001 bg
100 1 _aBAJAN, Konrad
245 0 _aPolityka rolna w PRL /
_cK. Bajan.
250 _aWyd.3 zm.
260 _aWarszawa,
_c1984.
040 _cBPK
041 _apol
080 _a332.02+338.43(438)"19"
942 _cKS
008 s pl f |000 0 pol
999 _c1145
_d1145
856 _uhttp://koha.tu.koszalin.pl/cgi-bin/koha/opac-detail.pl?biblionumber=1145
_yKatalog online BPK